Fußball WM Teilnehmer? #7 - Statistiken

Allgemein
  • Dieses Quiz wurde 230 mal gespielt
    37 seit der letzten Aktualisierung
  • Das Durchschnittsergebnis liegt bei 12 aus 15
Antwortstatistiken
Hint Antwort % Korrekt
Tschad Nein
100%
Nepal Nein
100%
Dänemark Ja
97%
Bulgarien Ja
97%
Sudan Nein
93%
Ghana Ja
90%
Slowenien Ja
90%
Puerto Rico Nein
90%
Burkina Faso Nein
87%
Jemen Nein
87%
Estland Nein
80%
(Nord-) Mazedonien Nein
70%
Angola Ja
57%
Trinidad und Tobago Ja
53%
Jordanien Ja
30%
Keine übereinstimmenden Quizze gefunden
Verteilung der Resultate
Anzahl Personen mit jedem Resultat
Perzentil nach korrekt beantworteten Fragen
Ihre Resultats-Entwicklung
Sie haben dieses Quiz seit der letzten Aktualisierung nicht gespielt